00000000nam##2200000za#4500
0019.532449
003CaOODSP
00520200327080114
007ta
008150406|1999||||xxc|||||     f|0| 0 fre|d
020 |a0-660-61036-1
040 |aCaOODSP|bfre
041 |aeng
041 |afre
043 |an-cn---
0861 |aBT31-4/24-1999
1101 |aCanada. |bConseil du trésor.
24510|aPatrimoine canadien
260 |aOttawa - Ontario : |bSecrétariat du Conseil du Trésor du Canada |c1999.
300 |aTexte français, 110p. : |btableaux ; |c28 cm.
4901 |aRapport sur le rendement pour la période se terminant le 31 mars 1999
546 |aBilingue
563 |aCouverture souple
590 |a99-43|b1999-10-29
69107|aBudget|2gcpds
69107|aGestion financière|2gcpds
69107|aProductivité|2gcpds
7760#|tCanadian Heritage, performance report for the period ending March 31, 1999 |w(CaOODSP)9.569006
7760#|tPatrimoine canadien, rapport sur le rendement pour la période se terminant le 31 mars 1999 |w(CaOODSP)9.600248
791 |tCanadian Heritage |eeng|w(CaOODSP)9.532448
830#0|aRapport sur le rendement pour la période se terminant le 31 mars 1999.|w(CaOODSP)9.508977